Top 10 Sekai Tekai Fighters in Cobra Kai - Statistics

General Stats
  • This quiz has been taken 611 times
  • The average score is 9 of 10
Answer Stats
Hint Answer % Correct
2 Miguel
99%
3 Robby
99%
10 Sam
97%
7 Tory
97%
1 Axel
94%
5 Zara
91%
9 Hawk
90%
4 Kwon
88%
8 Kenny
86%
6 Yoon
53%
No matching quizzes found
Score Distribution
Percent of People with Each Score
Percentile by Number Answered
Your Score History
You have not taken this quiz